[Event "Bergen Chess International"]
[Site "Bergen NOR"]
[Date "2001.08.11"]
[EventDate "2001.08.04"]
[Round "8"]
[Result "0-1"]
[White "Bjorn Haveland"]
[Black "Bart Stam"]
[WhiteElo "2145"]
[BlackElo "2088"]
[PlyCount "76"]

1. d4 d5 2. c4 e6 3. Nc3 Nf6 4. Bg5 Be7 5. Nf3 O-O 6. e3 h6
7. Bh4 b6 8. Bd3 Bb7 9. O-O c5 10. cxd5 Nxd5 11. Bxe7 Qxe7
12. Rc1 Nd7 13. Nxd5 Bxd5 14. Bb1 Nf6 15. dxc5 Rfd8 16. Qe2
bxc5 17. Ne5 Rac8 18. b3 Ba8 19. Rfd1 Rd5 20. Nc4 Rcd8 21. Rd2
Qb7 22. f3 Qb4 23. Rcd1 Qc3 24. Kf2 Kf8 25. Rd3 Qb4 26. e4 Rd4
27. Qe3 Rxd3 28. Rxd3 Rxd3 29. Qxd3 Qb8 30. e5 Ne8 31. Qh7 Ke7
32. Be4 Bd5 33. f4 Bxc4 34. bxc4 Qb2+ 35. Kg3 Qc3+ 36. Bd3 g6
37. Qxh6 Qxd3+ 38. Kg4 Qxc4 0-1

[Event "Bergen Chess International"]
[Site "Bergen NOR"]
[Date "2001.08.11"]
[EventDate "2001.08.04"]
[Round "8"]
[Result "1-0"]
[White "Trond Gabrielsen"]
[Black "Kjetil Stokke"]
[WhiteElo "2217"]
[BlackElo "2016"]
[PlyCount "83"]

1. e4 c5 2. Nf3 g6 3. g3 Bg7 4. Bg2 Nc6 5. O-O e5 6. a3 Nge7
7. c3 d5 8. d3 O-O 9. Be3 d4 10. cxd4 exd4 11. Bf4 h6 12. h4
Kh7 13. Nbd2 Be6 14. Rc1 b6 15. Qa4 a6 16. Qc2 f5 17. Qb1 fxe4
18. Nxe4 Bd5 19. b4 cxb4 20. axb4 b5 21. Rc5 Qd7 22. Qb2 Rxf4
23. gxf4 Qg4 24. Qe2 Qxf4 25. Neg5+ Kh8 26. Ne6 Qd6 27. Nxg7
Kxg7 28. Re1 Nf5 29. h5 Ra7 30. hxg6 Nxb4 31. Rec1 Re7 32. Qd2
Qxg6 33. Qd1 Qd6 34. Qd2 Qg6 35. Kf1 Bxf3 36. Bxf3 Nh4 37. Rc7
Nxf3 38. Rxe7+ Kf8 39. Qxb4 Qxd3+ 40. Kg2 Nh4+ 41. Kh2 Nf3+
42. Kh1 1-0

[Event "Bergen Chess International"]
[Site "Bergen NOR"]
[Date "2001.08.11"]
[EventDate "2001.08.04"]
[Round "8"]
[Result "1-0"]
[White "Andreas G R Moen"]
[Black "Stig Tjomsland"]
[WhiteElo "2218"]
[BlackElo "2269"]
[PlyCount "81"]

1. e4 d5 2. exd5 Nf6 3. Bb5+ Bd7 4. Bc4 Bg4 5. f3 Bc8 6. Nc3
Nbd7 7. d4 Nb6 8. Bb3 a5 9. a3 Nbxd5 10. Nxd5 Nxd5 11. c4 Nb6
12. Ne2 e5 13. c5 Nd7 14. dxe5 Qh4+ 15. g3 Qh5 16. e6 fxe6
17. c6 Ne5 18. O-O Nxf3+ 19. Kg2 Ne5 20. Bf4 Bd6 21. Nd4 Qxd1
22. Raxd1 bxc6 23. Nxe6 Bxe6 24. Bxe6 Ke7 25. Bh3 Nf7
26. Rde1+ Kd8 27. Bd2 Rf8 28. Be6 Rb8 29. Bxf7 Rxb2 30. Re2
Kc8 31. Be6+ Kb7 32. Rxf8 Bxf8 33. Kf3 Rb5 34. a4 Rh5 35. Bg4
Rd5 36. Be3 Bb4 37. Rc2 Rd1 38. Kg2 Rd3 39. Kf2 c5 40. Bxc5
Bxc5+ 41. Rxc5 1-0

[Event "Bergen Chess International"]
[Site "Bergen NOR"]
[Date "2001.08.11"]
[EventDate "2001.08.04"]
[Round "8"]
[Result "1-0"]
[White "Bosse Lindberg"]
[Black "Per Erik Manne"]
[WhiteElo "2248"]
[BlackElo "2386"]
[PlyCount "115"]

1. d4 d5 2. c4 c6 3. Nc3 Nf6 4. cxd5 cxd5 5. Bf4 Nc6 6. e3 Bf5
7. Qb3 Na5 8. Qa4+ Bd7 9. Bb5 Nc6 10. Nf3 a6 11. Bxc6 Bxc6
12. Qb3 Nh5 13. O-O Nxf4 14. exf4 e6 15. Ne5 Bd6 16. Rac1 O-O
17. Rc2 Rb8 18. g3 Be8 19. Nd3 Qa5 20. a3 g6 21. Rfc1 Bd7
22. Ne5 Rfd8 23. Nxd7 Rxd7 24. Na4 Rdd8 25. Nc5 b5 26. Qc3 Qb6
27. b4 Ra8 28. Nb3 Qb7 29. Qc6 Qa7 30. Na5 Bf8 31. Qb7 Qxb7
32. Nxb7 Rd7 33. Na5 Bg7 34. Rc8+ Rd8 35. Rxd8+ Rxd8 36. Rc7
Ra8 37. Nc6 Bf6 38. Kf1 h5 39. Ke2 Kf8 40. Kd3 Bd8 41. Rb7 Ke8
42. h3 Bf6 43. Rb8+ Rxb8 44. Nxb8 a5 45. bxa5 Kd8 46. a6 Kc7
47. a7 Kb7 48. Nc6 h4 49. Kc3 hxg3 50. fxg3 g5 51. fxg5 Bxg5
52. h4 Bc1 53. h5 f6 54. Kb4 e5 55. dxe5 fxe5 56. Nxe5 Kxa7
57. Kxb5 Bxa3 58. h6 1-0

[Event "Bergen Chess International"]
[Site "Bergen NOR"]
[Date "2001.08.11"]
[EventDate "2001.08.04"]
[Round "8"]
[Result "1-0"]
[White "Nikola Mitkov"]
[Black "Berge Ostenstad"]
[WhiteElo "2547"]
[BlackElo "2439"]
[PlyCount "159"]

1. e4 e6 2. d4 d5 3. Nc3 Bb4 4. e5 c5 5. a3 Bxc3+ 6. bxc3 Ne7
7. Qg4 Kf8 8. Bd2 b6 9. h4 Ba6 10. h5 h6 11. Bxa6 Nxa6 12. Ne2
Qc7 13. Qf3 Kg8 14. Rh4 Nf5 15. Rf4 Rf8 16. Rg4 cxd4 17. cxd4
Qc4 18. c3 Kh7 19. Ng3 Nxg3 20. Qxg3 Rhg8 21. Rf4 Kh8 22. Qf3
Nb8 23. Rxf7 Nd7 24. a4 Qb3 25. Rxf8 Rxf8 26. Qd1 Qc4 27. Qe2
Qc6 28. Qd3 Nb8 29. g4 Qd7 30. Ke2 Nc6 31. Rh1 Na5 32. g5 Rf5
33. gxh6 gxh6 34. Rg1 Qf7 35. Rg6 Rxf2+ 36. Ke1 Rf5 37. Rxh6+
Kg8 38. Rg6+ Kf8 39. Qxf5 Qxf5 40. Rf6+ Qxf6 41. exf6 Kf7
42. Bg5 Nc4 43. Ke2 a5 44. Kf3 Nd6 45. Bf4 Ne4 46. Be5 Nxc3
47. h6 Ne4 48. Kf4 Nxf6 49. Bxf6 Kxf6 50. h7 Kg7 51. Ke5 Kxh7
52. Kxe6 b5 53. axb5 a4 54. b6 a3 55. b7 a2 56. b8=Q a1=Q
57. Qh2+ Kg6 58. Qg2+ Kh5 59. Qxd5+ Kg4 60. Qe4+ Kg3 61. Qe3+
Kg2 62. Qe2+ Kg3 63. d5 Qa4 64. Qe5+ Kh3 65. Qf5+ Kg3 66. Qg6+
Kh2 67. d6 Qc4+ 68. Ke7 Qc5 69. Qf6 Kh1 70. Qh4+ Kg1 71. Qf4
Kh1 72. Qe4+ Kg1 73. Ke6 Qc8+ 74. d7 Qg8+ 75. Kd6 Qf8+ 76. Qe7
Qb8+ 77. Ke6 Qb3+ 78. Kf6 Qf3+ 79. Kg7 Qg4+ 80. Kh8 1-0

[Event "Bergen Chess International"]
[Site "Bergen NOR"]
[Date "2001.08.11"]
[EventDate "2001.08.04"]
[Round "8"]
[Result "1-0"]
[White "Pontus Carlsson"]
[Black "Agnieszka Matras-Clement"]
[WhiteElo "2330"]
[BlackElo "2218"]
[PlyCount "145"]

1. e4 e5 2. Nf3 Nc6 3. d4 exd4 4. Nxd4 Bc5 5. Be3 Qf6 6. c3
Nge7 7. Bc4 Ne5 8. Be2 Qg6 9. O-O d6 10. f3 O-O 11. Nd2 d5
12. Kh1 dxe4 13. fxe4 Bg4 14. Bf4 Bd6 15. Nb5 Rad8 16. Nxd6
cxd6 17. Bxe5 Bxe2 18. Qxe2 dxe5 19. Nf3 Nc6 20. Rfd1 Qe6
21. Qb5 Qe7 22. h3 a6 23. Qb6 h6 24. Rd5 f5 25. Qb3 Kh8
26. exf5 Rxf5 27. Rxd8+ Nxd8 28. Qd5 Nc6 29. Re1 Qf7 30. Qxf7
Rxf7 31. Kg1 Re7 32. Kf2 Kg8 33. Rd1 e4 34. Ne1 Ne5 35. Rd4 b5
36. b3 Kf7 37. Ke2 Rc7 38. Rxe4 Kf6 39. Re3 a5 40. Nf3 Ng6
41. g3 Ne7 42. Nd4 Rc5 43. Ne6 Rc8 44. Nxg7 Nd5 45. Nh5+ Kf5
46. g4+ Kg6 47. Re6+ Kh7 48. Kd3 Nxc3 49. Ra6 Nxa2 50. Rxa5
Nc1+ 51. Ke4 Nxb3 52. Rxb5 Nd2+ 53. Kd3 Nf3 54. Rb7+ Kg8
55. Nf6+ Kf8 56. Nh7+ Kg8 57. Ke4 Nh4 58. Nf6+ Kf8 59. Nh7+
Kg8 60. Nf6+ Kf8 61. Nd5 Re8+ 62. Kf4 Rd8 63. Ne3 Ng6+ 64. Kf5
Nh4+ 65. Kf6 Rd6+ 66. Ke5 Ra6 67. Nd5 Ng6+ 68. Kf5 Nh4+
69. Ke5 Ng6+ 70. Ke4 Ra3 71. Kf5 Nh4+ 72. Ke6 Rxh3 73. Rf7+
1-0

[Event "Bergen Chess International"]
[Site "Bergen NOR"]
[Date "2001.08.11"]
[EventDate "2001.08.04"]
[Round "8"]
[Result "1-0"]
[White "Havard Holder"]
[Black "Victor Hansen"]
[WhiteElo "2027"]
[BlackElo "2086"]
[PlyCount "113"]

1. e4 c6 2. c4 e5 3. d4 Nf6 4. Nc3 Bb4 5. dxe5 Nxe4 6. Qd4
Nxc3 7. bxc3 c5 8. Qe3 Ba5 9. f4 O-O 10. Ba3 b6 11. O-O-O Qe7
12. Nf3 Bb7 13. Bd3 f5 14. Be2 Nc6 15. Qd2 Rad8 16. Ng5 h6
17. Nf3 Qe6 18. Rhe1 Rfe8 19. h4 Ne7 20. Qc2 Ng6 21. g3 Be4
22. Qb3 d6 23. h5 Nf8 24. exd6 Rxd6 25. Rxd6 Qxd6 26. Rd1 Qf6
27. Ne5 Ba8 28. Qc2 Rxe5 29. fxe5 Qxe5 30. Rd3 Be4 31. Re3 Qf6
32. Bd3 Qg5 33. Qe2 Bxc3 34. Bxe4 Bd4 35. Bd5+ Kh7 36. Kd2 Nd7
37. Kd3 Bxe3 38. Qxe3 Qxh5 39. Kc3 Nf6 40. Bf3 Qg6 41. Qf4 a6
42. Kd3 h5 43. Bb2 Ne8 44. Be5 b5 45. cxb5 axb5 46. Qh4 Qe6
47. Qf4 g5 48. Qe3 Qc4+ 49. Kd2 Qxa2+ 50. Ke1 Qb1+ 51. Kf2
Qc2+ 52. Be2 Kg6 53. Qa3 f4 54. gxf4 gxf4 55. Qa8 Nf6 56. Qc6
Qf5 57. Bd3 1-0

[Event "Bergen Chess International"]
[Site "Bergen NOR"]
[Date "2001.08.11"]
[EventDate "2001.08.04"]
[Round "8"]
[Result "1-0"]
[White "Steffen Pedersen"]
[Black "Kjetil A Lie"]
[WhiteElo "2453"]
[BlackElo "2347"]
[PlyCount "91"]

1. d4 Nf6 2. c4 c5 3. d5 e6 4. Nc3 exd5 5. cxd5 d6 6. Nf3 g6
7. h3 Bg7 8. e4 O-O 9. Bd3 Re8 10. O-O c4 11. Bxc4 Nxe4
12. Nxe4 Rxe4 13. Bg5 f6 14. Bd3 Re8 15. Bf4 Nd7 16. Bxd6 Nb6
17. Bc5 Qxd5 18. Bb5 Qxc5 19. Bxe8 Bxh3 20. Re1 Bg4 21. Qb3+
Qd5 22. Qxd5+ Nxd5 23. Nh2 Bf5 24. Ba4 Kf8 25. Rad1 Nb6
26. Bb3 Bd7 27. Nf3 Re8 28. Rxe8+ Kxe8 29. Re1+ Kd8 30. Bg8 h6
31. b3 f5 32. Bf7 g5 33. Be6 f4 34. Rd1 Ke7 35. Bxd7 Nxd7
36. g3 fxg3 37. fxg3 Nc5 38. Nd4 Bxd4+ 39. Rxd4 h5 40. Kg2 a6
41. Rd5 Ne6 42. Kf3 h4 43. g4 Kf6 44. Ke4 h3 45. Kf3 Nf4
46. Rf5+ 1-0

[Event "Bergen Chess International"]
[Site "Bergen NOR"]
[Date "2001.08.11"]
[EventDate "2001.08.04"]
[Round "8"]
[Result "0-1"]
[White "Stig Gabrielsen"]
[Black "Carl Fredrik Ekeberg"]
[WhiteElo "2280"]
[BlackElo "2117"]
[PlyCount "94"]

1. e4 c5 2. Nf3 Nc6 3. d4 cxd4 4. Nxd4 Nf6 5. Nc3 e5 6. Ndb5
d6 7. Bg5 a6 8. Na3 b5 9. Bxf6 gxf6 10. Nd5 Bg7 11. Bd3 Ne7
12. Nxe7 Qxe7 13. O-O O-O 14. c3 f5 15. Nc2 Rb8 16. Re1 f4
17. a4 f5 18. axb5 axb5 19. Nb4 Bb7 20. Ra5 Qg5 21. f3 Ba8
22. Qb3+ Kh8 23. Na6 fxe4 24. Bxe4 Bxe4 25. Rxe4 d5 26. Re1
Rbd8 27. Rxb5 e4 28. Qd1 Qg6 29. Nb4 d4 30. c4 Rde8 31. Rf1
exf3 32. Rxf3 Re3 33. Nd3 Rfe8 34. h3 h6 35. Rb3 Qc6 36. Kh2
Qxc4 37. Ra3 Qc7 38. Ra1 Qd6 39. b4 Qg6 40. b5 Re2 41. Qf1
R2e3 42. Kh1 Rxf3 43. Qxf3 Re3 44. Nxf4 Qf5 45. Qa8+ Kh7
46. Nd5 Re2 47. b6 Qf2 0-1

[Event "Bergen Chess International"]
[Site "Bergen NOR"]
[Date "2001.08.11"]
[EventDate "2001.08.04"]
[Round "8"]
[Result "1/2-1/2"]
[White "Vladimir Georgiev"]
[Black "Roy Harald Fyllingen"]
[WhiteElo "2584"]
[BlackElo "2389"]
[PlyCount "147"]

1. d4 Nf6 2. c4 e6 3. Nc3 Bb4 4. e3 b6 5. Bd3 Bb7 6. Nf3 c5
7. O-O O-O 8. Bd2 cxd4 9. exd4 d5 10. cxd5 Bxc3 11. bxc3 Qxd5
12. c4 Qd6 13. Bc3 Rd8 14. Re1 Qf4 15. Ne5 Nbd7 16. g3 Qh6
17. h4 Qh5 18. Nxd7 Rxd7 19. Qxh5 Nxh5 20. a4 Rc8 21. a5 b5
22. a6 Bf3 23. c5 b4 24. Bb2 Nf6 25. Ra5 Bc6 26. Bb5 Kf8
27. Rea1 Nd5 28. Bxc6 Rxc6 29. Rb5 Ke7 30. Kf1 Nc7 31. Rxb4
Rxa6 32. Rxa6 Nxa6 33. Ra4 Nb8 34. d5 exd5 35. Bxg7 Nc6
36. Rf4 Rb7 37. Rf6 Nd4 38. Ra6 Ne6 39. Be5 f6 40. Bd6+ Kd8
41. c6 Rb1+ 42. Kg2 Rb6 43. Rxa7 Rxc6 44. Be7+ Ke8 45. Bxf6
Nf4+ 46. gxf4 Rxf6 47. Rxh7 Rxf4 48. Kg3 Rd4 49. Rg7 Kf8
50. Rg4 Rd1 51. Kg2 Kf7 52. h5 Re1 53. Rg5 d4 54. Rd5 Rd1
55. Rd7+ Kg8 56. Kf3 d3 57. Rd5 Rh1 58. Kg4 Rg1+ 59. Kf5 Rg2
60. f4 d2 61. Rd7 Kh8 62. Kf6 Kg8 63. f5 Rh2 64. Rd3 Kh7
65. Rd8 Rf2 66. h6 Rh2 67. Kf7 Re2 68. f6 Rf2 69. Rd6 Re2
70. Kf8 Rf2 71. Rd7+ Kxh6 72. f7 Kg6 73. Rd6+ Rf6 74. Rxd2
1/2-1/2

[Event "Bergen Chess International"]
[Site "Bergen NOR"]
[Date "2001.08.11"]
[EventDate "2001.08.04"]
[Round "8"]
[Result "1-0"]
[White "Henrik Sorensen"]
[Black "Hans Olav Lahlum"]
[WhiteElo "2245"]
[BlackElo "2227"]
[PlyCount "179"]

1. c4 e6 2. g3 d5 3. Bg2 Nf6 4. Nf3 c6 5. b3 Bd6 6. d4 Nbd7
7. O-O O-O 8. Bb2 Qe7 9. Nbd2 e5 10. dxe5 Nxe5 11. cxd5 Nxd5
12. e4 Nf6 13. Nxe5 Bxe5 14. Bxe5 Qxe5 15. Nc4 Qe7 16. Qe2 Bg4
17. f3 Be6 18. Kh1 Rad8 19. Rfd1 Rxd1+ 20. Rxd1 Bxc4 21. Qxc4
Rd8 22. Rd4 Rxd4 23. Qxd4 c5 24. Qd2 h6 25. Bf1 a6 26. Kg2 g5
27. h3 Qe5 28. a4 Kf8 29. Bc4 Nh5 30. Qf2 Ke7 31. Bd5 Qc7
32. Bc4 Qd6 33. Bd5 b5 34. axb5 axb5 35. Qe1 Qe5 36. Qf2 Kf6
37. Qe1 Kg7 38. Qf2 Kg6 39. Qe1 Nf6 40. Bc6 c4 41. bxc4 bxc4
42. Qf2 Nh5 43. Ba4 Kg7 44. Bc2 Qd6 45. Qe1 Qe5 46. Qf2 Kf8
47. Ba4 c3 48. Bb3 Qb5 49. Bc2 Ng7 50. f4 gxf4 51. gxf4 Qb4
52. f5 Qd6 53. Qe3 Qc6 54. Kf2 Qf6 55. e5 Qh4+ 56. Kf1 Qc4+
57. Kg1 Kg8 58. f6 Ne6 59. Qxh6 Qd4+ 60. Kf1 Qf4+ 61. Qxf4
Nxf4 62. h4 Ne6 63. Ke1 Nc5 64. Bf5 Nb3 65. Kd1 Nd4 66. Be4
Kh8 67. h5 Kg8 68. h6 Kh8 69. h7 Ne6 70. Bd5 Nf8 71. Bxf7 Nd7
72. e6 Nxf6 73. Bg6 Kg7 74. Bf5 Kh8 75. Kc2 Kg7 76. Kxc3 Kh8
77. Kc4 Kg7 78. Kc5 Kh8 79. Kd6 Kg7 80. e7 Ne8+ 81. Ke6 Nc7+
82. Kd6 Ne8+ 83. Kd7 Nf6+ 84. Ke6 Ne8 85. Bc2 Nc7+ 86. Kd6
Ne8+ 87. Kd7 Nf6+ 88. Ke6 Ne8 89. Ba4 Nc7+ 90. Kd6 1-0

[Event "Bergen Chess International"]
[Site "Bergen NOR"]
[Date "2001.08.11"]
[EventDate "2001.08.04"]
[Round "8"]
[Result "1-0"]
[White "Norbert Sprotte"]
[Black "Kristian Trygstad"]
[WhiteElo "2240"]
[BlackElo "2323"]
[PlyCount "143"]

1. Nf3 Nf6 2. g3 g6 3. b3 Bg7 4. Bb2 O-O 5. Bg2 d6 6. d4 c5
7. c4 Bd7 8. O-O cxd4 9. Nxd4 Nc6 10. Nc3 a6 11. Rc1 Rb8
12. Nd5 Ne8 13. Qd2 Ne5 14. h3 e6 15. Nf4 Qe7 16. Rfd1 Nc6
17. Nxc6 Bxc6 18. Bxg7 Kxg7 19. Qd4+ Kg8 20. Qa7 Rc8 21. Nd3
Nf6 22. Bxc6 Rxc6 23. c5 d5 24. Ne5 Rc7 25. c6 bxc6 26. Qc5
Qe8 27. Qd6 Qc8 28. Rxc6 Rxc6 29. Nxc6 Kg7 30. Rc1 Qb7 31. Nd4
Rc8 32. Nxe6+ fxe6 33. Rxc8 Qxc8 34. Qe7+ Kg8 35. Qxf6 Qc6
36. h4 Qc1+ 37. Kh2 Qc8 38. g4 Qe8 39. Kg2 a5 40. f3 h5
41. Kg3 e5 42. Qd6 d4 43. Qd5+ Kh7 44. g5 Qe7 45. Kf2 Qc7
46. f4 exf4 47. Qxd4 Qc1 48. Qd7+ Kg8 49. Qe6+ Kg7 50. Qf6+
Kh7 51. Qf7+ Kh8 52. Qf8+ Kh7 53. Qh6+ Kg8 54. Qxg6+ Kf8
55. Qf6+ Kg8 56. Qe6+ Kg7 57. g6 Kh6 58. Qe4 Kg7 59. Qe7+ Kxg6
60. Qg5+ Kf7 61. Qxh5+ Kf6 62. Qg5+ Ke6 63. Qg6+ Ke5 64. Qe8+
Kf5 65. Qh5+ Kf6 66. Qf3 Kg6 67. Kg2 Kh6 68. Kh3 Qc8+ 69. Kg2
Qc1 70. Qg4 Qc6+ 71. Kh2 Qd6 72. h5 1-0

[Event "Bergen Chess International"]
[Site "Bergen NOR"]
[Date "2001.08.12"]
[EventDate "2001.08.04"]
[Round "9"]
[Result "1-0"]
[White "Berge Ostenstad"]
[Black "Geir Sune Tallaksen Ostmoe"]
[WhiteElo "2439"]
[BlackElo "2239"]
[PlyCount "67"]

1. Nf3 Nf6 2. c4 e6 3. Nc3 Bb4 4. Qc2 O-O 5. a3 Bxc3 6. Qxc3
b6 7. b4 Bb7 8. e3 d6 9. Bb2 Nbd7 10. Be2 c5 11. O-O Rc8
12. d4 Ne4 13. Qb3 Qc7 14. Rfd1 d5 15. Rac1 Qb8 16. Qa2 Rfd8
17. Qa1 f6 18. Qb1 Qa8 19. Ne1 Nd6 20. cxd5 Bxd5 21. dxc5 bxc5
22. Bf3 Bxf3 23. Nxf3 Qb8 24. Qa2 Kf7 25. Bc3 Ne4 26. Be1 cxb4
27. axb4 Nf8 28. Nd4 Qb6 29. b5 Nd6 30. Ba5 Qb7 31. Bxd8 Rxd8
32. Nf5 Nxf5 33. Rxd8 Nh4 34. f4 1-0

[Event "Bergen Chess International"]
[Site "Bergen NOR"]
[Date "2001.08.12"]
[EventDate "2001.08.04"]
[Round "9"]
[Result "0-1"]
[White "Jan Vidar Vestly"]
[Black "Hallvard Voll Adnoy"]
[WhiteElo "2109"]
[BlackElo "2197"]
[PlyCount "80"]

1. d4 Nf6 2. Nf3 e6 3. Bf4 b6 4. e3 Bb7 5. Nbd2 c5 6. c3 Be7
7. h3 O-O 8. Bd3 cxd4 9. exd4 Nc6 10. O-O Re8 11. Bh2 Bf8
12. Qc2 Rc8 13. a3 g6 14. Rae1 a6 15. Qb3 Na5 16. Qd1 b5
17. b4 Nc4 18. Nxc4 bxc4 19. Bc2 Bh6 20. Nd2 Ba8 21. Qe2 Nd5
22. Nxc4 Nxc3 23. Qd3 Qg5 24. f3 Nd5 25. Nd6 Rc3 26. Qe2 Ne3
27. f4 Qe7 28. Ne4 Rxa3 29. Rf2 Bg7 30. Bd3 Bxd4 31. Kh1 Nd5
32. Rf3 Nxb4 33. f5 exf5 34. Bd6 Qxd6 35. Nf6+ Qxf6 36. Qxe8+
Kg7 37. Qxa8 Nxd3 38. Re8 Ra1+ 39. Kh2 Bg1+ 40. Kg3 Qg5+ 0-1

[Event "Bergen Chess International"]
[Site "Bergen NOR"]
[Date "2001.08.12"]
[EventDate "2001.08.04"]
[Round "9"]
[Result "1-0"]
[White "Hans Krogh Harestad"]
[Black "Joanna Zimny"]
[WhiteElo "2196"]
[BlackElo "2087"]
[PlyCount "74"]

1. d4 d5 2. c4 c6 3. Nf3 Nf6 4. Nc3 dxc4 5. a4 Bf5 6. e3 e6
7. Bxc4 Bb4 8. O-O O-O 9. Qe2 Nbd7 10. Rd1 Qc7 11. e4 Bg4
12. h3 Bh5 13. Bg5 h6 14. Bd2 Rad8 15. e5 Nh7 16. Bd3 Be7
17. b4 Rfe8 18. a5 Nhf8 19. Ne4 Bg6 20. Rdc1 f6 21. exf6 Nxf6
22. b5 Nxe4 23. Bxe4 Bxe4 24. Qxe4 Rd5 25. bxc6 bxc6 26. Bf4
Bd6 27. Bxd6 Qxd6 28. Rc2 c5 29. dxc5 Rxc5 30. Rxc5 Qxc5
31. a6 Rb8 32. Rb1 Rxb1+ 33. Qxb1 Kf7 34. Qb7+ Kf6 35. Qb8 Nd7
36. Qd8+ Qe7 37. Qxe7+ Kxe7 1-0

[Event "Bergen Chess International"]
[Site "Bergen NOR"]
[Date "2001.08.12"]
[EventDate "2001.08.04"]
[Round "9"]
[Result "1-0"]
[White "Rune Djurhuus"]
[Black "Sverre Heim"]
[WhiteElo "2474"]
[BlackElo "2371"]
[PlyCount "127"]

1. e4 e6 2. d4 d5 3. e5 c5 4. c3 Nc6 5. Nf3 Qb6 6. a3 Nh6
7. b4 cxd4 8. cxd4 Nf5 9. Be3 Bd7 10. Bd3 Nxe3 11. fxe3 Be7
12. O-O Rc8 13. Qd2 O-O 14. Nc3 f6 15. Na4 Qd8 16. exf6 Bxf6
17. Nc5 b6 18. Nxd7 Qxd7 19. Rac1 Nb8 20. Rc2 g6 21. Rfc1 Rxc2
22. Qxc2 Qd6 23. Qc7 Qxc7 24. Rxc7 Rf7 25. Rc8+ Rf8 26. Rc7
Rf7 27. Rc8+ Rf8 28. Rc2 Rd8 29. h4 Kf8 30. g4 Ke7 31. Rc7+
Rd7 32. Rc8 Rd8 33. Rc7+ Rd7 34. Rc1 Kd8 35. g5 Bh8 36. Kf2
Rc7 37. Rh1 e5 38. dxe5 Nd7 39. h5 Nxe5 40. Nxe5 Bxe5 41. hxg6
hxg6 42. Bxg6 Rg7 43. Rh6 Bb2 44. a4 Ba3 45. Kf3 Bxb4 46. Kf4
Bd2 47. Bf5 Re7 48. Rd6+ Kc7 49. Rxd5 Bxe3+ 50. Kg4 Kc6
51. Rd3 Kc5 52. Rb3 Bd4 53. Bd3 Kd6 54. Bb5 Re3 55. Rb1 Re4+
56. Kh5 Be3 57. Rd1+ Ke6 58. Bd7+ Ke7 59. Bf5 Rxa4 60. Rd7+
Kf8 61. g6 Bd4 62. Rf7+ Kg8 63. Be6 Kh8 64. Rh7+ 1-0

[Event "Bergen Chess International"]
[Site "Bergen NOR"]
[Date "2001.08.12"]
[EventDate "2001.08.04"]
[Round "9"]
[Result "1-0"]
[White "Stig Tjomsland"]
[Black "Henrik Sorensen"]
[WhiteElo "2269"]
[BlackElo "2245"]
[PlyCount "93"]

1. d4 Nf6 2. c4 e6 3. Nc3 d5 4. Bg5 Be7 5. e3 O-O 6. cxd5 exd5
7. Bd3 c6 8. Qc2 h6 9. Bh4 Be6 10. Nge2 Nh5 11. Bxe7 Qxe7
12. O-O f5 13. Na4 Nd7 14. Rac1 Qg5 15. Rfe1 Rae8 16. f4 Qe7
17. Nc5 Nxc5 18. dxc5 Qf6 19. Qd2 Bc8 20. Bb1 g5 21. Nd4 Re7
22. Nf3 Rfe8 23. g3 Qg7 24. Bd3 Nf6 25. Ne5 Ng4 26. Nxg4 fxg4
27. Bb1 h5 28. Qd3 gxf4 29. gxf4 g3 30. e4 Rxe4 31. Rxe4 Rxe4
32. hxg3 Rxf4 33. Qh7+ Qxh7 34. Bxh7+ Kxh7 35. gxf4 Bf5
36. Kf2 Kg6 37. Kg3 d4 38. Rc4 d3 39. Rd4 Kf6 40. Rd6+ Ke7
41. Kh4 b6 42. b4 a5 43. a3 axb4 44. axb4 bxc5 45. bxc5 Be4
46. Rd4 Bf5 47. Kg5 1-0

[Event "Bergen Chess International"]
[Site "Bergen NOR"]
[Date "2001.08.12"]
[EventDate "2001.08.04"]
[Round "9"]
[Result "1-0"]
[White "Torbjorn Ringdal Hansen"]
[Black "John Arni Nilssen"]
[WhiteElo "2244"]
[BlackElo "2333"]
[PlyCount "63"]

1. c4 e6 2. Nf3 Nf6 3. g3 d5 4. Bg2 dxc4 5. O-O Nc6 6. Na3
Bxa3 7. bxa3 Rb8 8. a4 O-O 9. Bb2 a6 10. Qc2 b5 11. axb5 axb5
12. a4 Nb4 13. Qc1 bxa4 14. Rxa4 Bd7 15. Ra7 Nbd5 16. Ne5 Bb5
17. Ba3 Re8 18. Nxc4 Ra8 19. Rxa8 Qxa8 20. d3 Qa6 21. Bb2 Nd7
22. Qg5 f6 23. Qh5 g6 24. Qh4 c5 25. Ra1 Qc6 26. Rc1 Rb8
27. Ba1 Qa6 28. Bf3 Rf8 29. Qg4 Ne7 30. Bb7 Qxb7 31. Qxe6+ Rf7
32. Qxf7+ 1-0

[Event "Bergen Chess International"]
[Site "Bergen NOR"]
[Date "2001.08.12"]
[EventDate "2001.08.04"]
[Round "9"]
[Result "1-0"]
[White "Evgenij Romanovich Agrest"]
[Black "Steffen Pedersen"]
[WhiteElo "2529"]
[BlackElo "2453"]
[PlyCount "81"]

1. c4 Nf6 2. Nc3 g6 3. g3 Bg7 4. Bg2 O-O 5. Nf3 d6 6. O-O Nc6
7. d3 Nh5 8. e4 e5 9. h3 Bd7 10. Kh2 Kh8 11. Nd5 Ne7 12. d4 c6
13. Nc3 b5 14. cxb5 cxb5 15. a3 a5 16. dxe5 dxe5 17. Be3 Rc8
18. Qd6 Rc6 19. Qd2 b4 20. axb4 axb4 21. Na4 Be6 22. Qxd8 Rxd8
23. Bc5 Nc8 24. Bxb4 Rc4 25. Ba5 Re8 26. Ng5 Bh6 27. Nxe6 Rxe6
28. Bc3 f6 29. Rfd1 Ne7 30. Bf1 Rc7 31. b4 Nc6 32. Nc5 Re8
33. Bb5 Bf8 34. Ra6 Rec8 35. Ne6 Nxb4 36. Bxb4 Bxb4 37. Nxc7
Rxc7 38. Bc6 Kg7 39. Kg2 Be7 40. Rd7 Rxd7 41. Bxd7 1-0

[Event "Bergen Chess International"]
[Site "Bergen NOR"]
[Date "2001.08.12"]
[EventDate "2001.08.04"]
[Round "9"]
[Result "0-1"]
[White "Kjetil A Lie"]
[Black "Bosse Lindberg"]
[WhiteElo "2347"]
[BlackElo "2248"]
[PlyCount "88"]

1. c4 Nf6 2. g3 g6 3. Bg2 Bg7 4. Nc3 O-O 5. d3 c5 6. a3 Nc6
7. Rb1 a5 8. Bg5 d6 9. Qd2 Nd4 10. Nf3 Bd7 11. O-O Bc6 12. e4
a4 13. Ne2 Nd7 14. Nh4 Rb8 15. Nxd4 cxd4 16. Bh6 Nc5 17. Bxg7
Kxg7 18. f4 b5 19. f5 f6 20. fxg6 hxg6 21. e5 Bxg2 22. exf6+
Rxf6 23. Rxf6 exf6 24. Kxg2 bxc4 25. dxc4 d3 26. Nf3 Qd7
27. Re1 Re8 28. Re3 Rxe3 29. Qxe3 Qb7 30. Kh3 Qe4 31. Qf2 g5
32. g4 f5 33. Qg3 fxg4+ 34. Qxg4 Qxg4+ 35. Kxg4 Ne4 36. h4 d2
37. Nxd2 Nxd2 38. c5 gxh4 39. cxd6 Kf6 40. Kxh4 Ke6 41. Kg4
Kxd6 42. Kf4 Kc5 43. Ke3 Nc4+ 44. Kd3 Nxb2+ 0-1

[Event "Bergen Chess International"]
[Site "Bergen NOR"]
[Date "2001.08.12"]
[EventDate "2001.08.04"]
[Round "9"]
[Result "1-0"]
[White "Throstur Thorhallsson"]
[Black "Bjorn Erik Glenne"]
[WhiteElo "2456"]
[BlackElo "2223"]
[PlyCount "111"]

1. e4 c6 2. d4 d5 3. exd5 cxd5 4. c4 Nf6 5. Nc3 Be6 6. c5 Nc6
7. h3 g6 8. Nf3 Bg7 9. Bb5 Bd7 10. O-O O-O 11. Re1 Rc8 12. Bg5
Be6 13. Qd2 b6 14. Ba6 Rb8 15. Bf4 Ne4 16. Qe2 bxc5 17. Bxb8
Qxb8 18. dxc5 Nxc3 19. bxc3 Bxc3 20. Rab1 Qf4 21. Red1 d4
22. Bb7 Bd7 23. Bxc6 Bxc6 24. Qxe7 Be4 25. Rbc1 Bb2 26. Ng5
Bf5 27. g3 Qxc1 28. Rxc1 Bxc1 29. Nxh7 Rc8 30. Nf6+ Kg7
31. Qe5 d3 32. g4 Be6 33. Nh5+ Kf8 34. Qd6+ Kg8 35. Nf6+ Kg7
36. Qxd3 Kxf6 37. Qc3+ Ke7 38. Qxc1 Kd7 39. Qd2+ Kc6 40. Qa5
Kd5 41. Qxa7 Rxc5 42. a4 Kd6 43. a5 Rc6 44. a6 Bd5 45. Qb8+
Kd7 46. Qb5 Bc4 47. Qb7+ Rc7 48. Qb6 Bd5 49. a7 Rc8 50. Kh2
Ba8 51. h4 Ke7 52. Qb4+ Ke6 53. Kg3 f5 54. g5 Bd5 55. Qb6+ Ke5
56. Qb8+ 1-0

[Event "Bergen Chess International"]
[Site "Bergen NOR"]
[Date "2001.08.12"]
[EventDate "2001.08.04"]
[Round "9"]
[Result "1-0"]
[White "Sebastian Schmidt-Schaeffer"]
[Black "Agnieszka Matras-Clement"]
[WhiteElo "2323"]
[BlackElo "2218"]
[PlyCount "83"]

1. e4 e5 2. Nf3 Nc6 3. d3 Nf6 4. Be2 Be7 5. O-O O-O 6. c3 d5
7. Nbd2 Re8 8. b4 a6 9. Bb2 b5 10. Re1 Bf8 11. Bf1 Bb7 12. a3
dxe4 13. dxe4 Qd7 14. Qc2 Rad8 15. Rad1 h6 16. h3 Re6 17. Nb3
Qe8 18. Rc1 Bd6 19. Nbd2 Ne7 20. c4 Ng6 21. Nb3 Ba8 22. Nfd2
Nf4 23. g3 Ng6 24. Rcd1 h5 25. h4 Ng4 26. f3 Nh6 27. Bg2 Rb8
28. c5 Be7 29. Nf1 Nf8 30. Ne3 Nd7 31. Na5 Nf8 32. Kh2 Bd8
33. Rd3 Rg6 34. Red1 Kh7 35. Bh3 Ng8 36. Bf5 Ne7 37. Bxg6+
Nexg6 38. Qg2 Ne6 39. Qh3 Ngf8 40. Qf5+ g6 41. Qxe5 f6 42. Qc3
1-0